000 02545nam a22003017i 4500
003 DO-SdBNP
005 20250313135520.0
007 ta
008 250305b2001 dr ac||| |||| 00| 0 eng d
020 _a9993481734
040 _aDO-SdBNP
_bspa
_cBNPHU
_erda
041 _aspa
082 4 _a 972.9356
_bE77sa
_222
100 1 _aEspinal Estévez, Piero
_d1974-
_4aut.
_921618
_eautor
245 1 _aSan José de las Matas :
_bapuntes para su historia /
_cPiero Espinal Estévez.
264 _aSanto Domingo, República Dominicana :
_bEditorial Letra Gráfica,
_c©2001.
300 _a264 páginas :
_bilustraciones, fotografías;
_c23 cm.
336 _atexto
_btxt
_2rdacontent
337 _asin mediación
_bn
_2rdamedia
338 _avolumen
_bnc
_2rdacarrier
505 _aFundación de San José de las Matas 7|HISTORIA POLITICA Y MILITAR DE SAN JOSÉ DE LAS MATAS |El San José de las Matas patriótico 11|Revolución de 1857 17|Guerra de la Restauración 18|Revolución de 1912 19|Gobierno de Horacio Vásquez 23|Crónicas de la política en San José de las Matas 27|Alcaldes Comunales de San José de las Matas 34|Comandantes de Armas de San José de las Matas 37|Ayuntamiento 40|ERA DE TRUJILLO|Asesinato de Virgilio Martínez Reyna 54|Asesinato de los Hermano Perozo 56|Sede del Gobierno Nacional 57|Las suntuosas bodas Rubirosa-Trujillo 60|Divorcio Rubirosa-Trujillo 61|Voto electoral femenino trujillista 63|Un "no" a Trujillo 65|DESARROLLO URBANO|Calles 70|Carretera San José de las Matas-Santiago 71|Carretera Cibao-Sur 77|Fego de 1938 80|Fuego de 1954 82|Cuerpo de Bomberos 87|RELIGION 88|Cultura religiosa 100|La Semana Santa ancestral 102|EDUCACION 107|SALUD|La medicina en San José de las Matas 118|La medicina casera 121|Peculiaridades del lenguaje del paciente en nuestra zona rural 126|CULTURA|Sociedad Ornato y Progreso 130|Sociedad cultural Lira Serrana 131|Fiestas Patronales 133|Música 139|Artes plásticas 154|Fotografía 156|Movimiento Scout 157|FOLKLORE|Personajes pintorescos 160|Familias pintorescas 172|Zoológico municipal 172|DEPORTES|Béisbol 173|Softball 186|Voleibol 191|SAN JOSE DE LAS MATAS HOY 200|APENDICES 205
590 _aInventariado, 2023 /LP
650 7 _a Ciudades y pueblos (República Dominicana)
_xHistoria local
_2LEMB
_911182
651 7 _aSan José de las Matas (República Dominicana)
_xHistoria local
_2LEMB
_945105
651 7 _aSan José de las Matas (República Dominicana)
_x Vida social y costumbres
_2LEMB
_91693
910 _aValidado. Control de calidad MFF
942 _2ddc
_cLBS1
999 _c58319
_d58319